000 00505nam a2200157 4500
001 140271
003 ES-MaACL
007 t|
008 070214s1974 xxu r ||||1| eng d
100 1 _aSegre, Emilio.
_9105164
245 1 0 _aNuclei and particles
_b: an introduction to Nuclear and Subnuclear Physics /
_cEmilio Segre.
250 _a3rd print.
260 _aReading (Massachusetts) [etc.] :
_bW. A. Benjamin,
_c1974.
300 _aXVI, 741 p. :
_bil. ;
_c26 cm.
852 _aES-MaACL
_jE-6976
_bR.91245
999 _c140271
_d140271